[Event "Heusenstamm Sparkassen op U14 3rd"]
[Site "Heusenstamm"]
[Date "2016.11.27"]
[Round "2"]
[White "Kail, Oliver"]
[Black "Mogler, Michael"]
[Result "0-1"]
[WhiteElo "1017"]
[BlackElo "1304"]
[PlyCount "100"]
[EventDate "2016.11.27"]
[EventType "swiss"]
[EventRounds "5"]
[EventCountry "GER"]
[SourceTitle "EXT 2018"]
[Source "ChessBase"]
[SourceDate "2017.10.13"]
[SourceVersion "1"]
[SourceVersionDate "2017.10.13"]
[SourceQuality "1"]

1. e4 e5 2. Nf3 Nc6 3. Bb5 d6 4. Bxc6+ bxc6 5. d4 Bg4 6. dxe5 Bxf3 7. Qxf3 dxe5 8. 0-0 Nf6 9. Nc3 Bd6 10. Bg5 Rb8 11. b3 Ba3 12. Rfd1 Qe7 13. g3 Qe6 14. Bxf6 Qxf6 15. Qe3 0-0 16. Na4 Rb7 17. Nc5 Bxc5 18. Qxc5 Rfb8 19. Rf1 Qd6 20. Qxd6 cxd6 21. f4 Re8 22. Rad1 Rd7 23. c4 f6 24. c5 d5 25. b4 d4 26. a4 exf4 27. Rxf4 Rb8 28. Rb1 d3 29. Kf2 d2 30. Ke2 Rxb4 31. Rd1 Rxa4 32. Rxd2 Rxd2+ 33. Kxd2 Ra2+ 34. Ke3 Rxh2 35. Rf1 Rc2 36. Kd4 Rg2 37. Rf3 Kf7 38. Ra3 Kg6 39. Rxa7 Rxg3 40. Ra6 h5 41. Rxc6 h4 42. Ra6 Kf7 43. c6 Ke7 44. c7 Kd7 45. Ra7 Kc8 46. Kd5 Kd7 47. Kc5 h3 48. Kb6 h2 49. Ra2 h1Q 50. Rd2+ Ke7 0-1

[Event "Heusenstamm Schloss op 1st"]
[Site "Heusenstamm"]
[Date "2014.11.21"]
[Round "2"]
[White "Mogler, Michael"]
[Black "Faerber, David"]
[Result "0-1"]
[WhiteElo "1115"]
[BlackElo "1732"]
[PlyCount "72"]
[EventDate "2014.11.20"]
[EventType "swiss"]
[EventRounds "7"]
[EventCountry "GER"]
[SourceTitle "CBM 163 Extra"]
[Source "ChessBase"]
[SourceDate "2014.12.23"]
[SourceVersion "1"]
[SourceVersionDate "2014.12.23"]
[SourceQuality "1"]

1. e4 c6 2. d4 d5 3. e5 Bf5 4. Nf3 e6 5. Nc3 Ne7 6. Bd3 Bxd3 7. Qxd3 Nd7 8. 0-0 c5 9. dxc5 Nc6 10. Be3 Nxc5 11. Qb5 a6 12. Qe2 Be7 13. Bd4 Nxd4 14. Nxd4 Qb6 15. Rab1 Nd7 16. Nf3 0-0 17. Qd3 Rac8 18. a3 Rc4 19. Rfe1 Rfc8 20. Qe3 Qxe3 21. Rxe3 d4 22. Rd3 Bc5 23. h3 Nf8 24. Ne4 Rxc2 25. Nxd4 Bxd4 26. Rxd4 Re2 27. b3 Ng6 28. Kf1 Ra2 29. Nd6 Rcc2 30. Ne4 h6 31. Rd8+ Kh7 32. Rd7 Nxe5 33. Rxb7 f5 34. Nf6+ Kg6 35. Ne8 Rxf2+ 36. Ke1 Nd3+ 0-1

[Event "Hessen-ch U10"]
[Site "Bad Homburg"]
[Date "2014.??.??"]
[Round "5"]
[White "Mogler, Michael"]
[Black "Lehmann, Tim"]
[Result "1/2-1/2"]
[WhiteElo "965"]
[BlackElo "1221"]
[PlyCount "40"]
[EventDate "2014.04.??"]
[EventType "swiss"]
[EventRounds "7"]
[EventCountry "GER"]
[SourceTitle "EXT 2022"]
[Source "ChessBase"]
[SourceDate "2021.10.06"]
[SourceVersion "1"]
[SourceVersionDate "2021.10.06"]
[SourceQuality "1"]

1. e4 c5 2. Nf3 d6 3. d4 cxd4 4. Nxd4 Nf6 5. Nc3 a6 6. Bg5 e6 7. Bc4 Be7 8. 0-0 0-0 9. Qe2 Nxe4 10. Bxe7 Nxc3 11. Bxd8 Nxe2+ 12. Bxe2 Rxd8 13. Rad1 d5 14. Nf3 Nc6 15. Rfe1 b5 16. b3 Bb7 17. c3 Rac8 18. Bd3 Rf8 19. Bc2 Rcd8 20. b4 h6 1/2-1/2